Java : (Record no. 90648)

MARC details
000 -LEADER
fixed length control field 00953nam a22002657a 4500
005 - DATE AND TIME OF LATEST TRANSACTION
control field 20150401134741.0
010 ## - LCCN (DPL NO)
LC control number ENG-111449 B-593932
020 ## - INTERNATIONAL STANDARD BOOK NUMBER
International Standard Book Number 9789339212094
Terms of availability 795.00
020 ## - INTERNATIONAL STANDARD BOOK NUMBER
International Standard Book Number 9339212096
Terms of availability 795.00
035 ## - SYSTEM CONTROL NUMBER
System control number EN-94981 B-593932
037 ## - SOURCE OF ACQUISITION
Source of stock number/acquisition DBAD/PUB
037 ## - SOURCE OF ACQUISITION
Source of stock number/acquisition UBH
082 ## - DEWEY DECIMAL CLASSIFICATION NUMBER
Classification number 005.133
100 ## - MAIN ENTRY--PERSONAL NAME
Personal name Schildt, Herbert
245 ## - TITLE STATEMENT
Title Java :
Statement of responsibility, etc by Herbert Schildt
Remainder of title the complete reference /
250 ## - EDITION STATEMENT
Edition statement 9th ed
260 ## - PUBLICATION, DISTRIBUTION, ETC. (IMPRINT)
Place of publication, distribution, etc New Delhi
Name of publisher, distributor, etc McGraw Hill Education
Date of publication, distribution, etc 2014
270 ## - ADDRESS
Address P-24, Green Park Extension
City New Delhi
Postal code 110016
300 ## - PHYSICAL DESCRIPTION
Extent xxxiv, 1274p.
Dimensions 24cm(pbk)
500 ## - GENERAL NOTE
General note Includes index
650 ## - SUBJECT ADDED ENTRY--TOPICAL TERM
Topical term or geographic name as entry element Java (Computer program language)
650 ## - SUBJECT ADDED ENTRY--TOPICAL TERM
Topical term or geographic name as entry element Internet programming.
942 ## - ADDED ENTRY ELEMENTS (KOHA)
Source of classification or shelving scheme Dewey Decimal Classification
Item type English Books
Call number suffix SCH
Classification part 005.133
Holdings
Withdrawn status Lost status Not for loan Collection code Home library Current library Date acquired Source of acquisition Cost, normal purchase price Full call number Barcode Copy number Cost, replacement price Koha item type
    Not For Loan Non-fiction D.B.Act.Division D.B.Act.Division 09/01/2015 DBAD/PUB 795.00 005.133 SCH EN-94981 1 795.00 English Books
  Written-off vide DLB M. No. 383 dt 16.05.19   Non-fiction Sarojini Nagar Sarojini Nagar 01/04/2015 UBH/269/26.2.15/DPL/ZLS/RP/2014-15/4/64/19.2.15/10.3.15 795.00 005.133 SCH B-593932 1 795.00 English Books

© Delhi Public Library
Hit Counter
free hit counter